000 00445nam a2200181 4500
001 10995
005 20230410132648.0
008 060907n2000 dr spa
020 _a8478885226
035 _9funglode11080
041 _aES
050 1 4 _aPS 3563 M822p 1999
100 _aMoore, Lorrie
245 1 _aPájaros de América /
_cLorrie Moore
260 _aBarcelona :
_bEmecé,
_c2000
300 _a285 p.
942 _2lcc
_cbk
999 _c85546
_d85546